[Event "SVK-chT2C 1516"]
[Site "Slovakia"]
[Date "2016.01.24"]
[Round "7.2"]
[White "Marman, Vladimir"]
[Black "Jacko, Vladimir"]
[Result "0-1"]
[WhiteElo "2090"]
[BlackElo "2290"]
[PlyCount "119"]
[EventDate "2015.10.17"]
[EventType "team-tourn"]
[EventRounds "11"]
[EventCountry "SVK"]
[SourceTitle "CBM 170 Extra"]
[Source "ChessBase"]
[SourceDate "2016.02.25"]
[SourceVersion "1"]
[SourceVersionDate "2016.02.25"]
[SourceQuality "1"]
[WhiteTeam "Zilina"]
[BlackTeam "Liptovska Stiavnica"]
[WhiteTeamCountry "SVK"]
[BlackTeamCountry "SVK"]

1. e4 c5 2. Nf3 g6 3. d4 cxd4 4. Nxd4 Bg7 5. Nc3 Nc6 6. Be3 Nf6 7. Nxc6 bxc6 8. e5 Ng8 9. f4 f6 10. exf6 Nxf6 11. Be2 0-0 12. 0-0 d5 13. Bd4 Qa5 14. a3 Bf5 15. Bf3 Rae8 16. g4 Bc8 17. h3 e6 18. b4 Qc7 19. Be5 Qe7 20. Qd4 Nd7 21. Bxg7 Qxg7 22. Qxg7+ Kxg7 23. Be2 Re7 24. Rf2 h6 25. Re1 g5 26. fxg5 hxg5 27. Rxf8 Nxf8 28. Bd3 e5 29. b5 Bb7 30. bxc6 Bxc6 31. Bf5 Ng6 32. Kf2 Nh4 33. Bd3 Rf7+ 34. Ke2 Nf3 35. Rf1 e4 36. Ba6 Rf6 37. Rd1 d4 38. Nb5 Bd7 39. Nxd4 Rxa6 40. Nxf3 exf3+ 41. Kxf3 Rxa3+ 42. Ke4 Be6 43. Rh1 Kf6 44. Kd4 Ra4+ 45. Kd3 a5 46. h4 Rxg4 47. hxg5+ Kxg5 48. Ra1 a4 49. Kc3 Kf5 50. Ra3 Ke5 51. Kb2 Kd5 52. Rc3 Bd7 53. Ka3 Bb5 54. Rh3 Kc5 55. Rc3+ Kb6 56. Rh3 Bf1 57. Rc3 Bb5 58. Kb2 Bc4 59. Ka3 Re4 60. Kb2 0-1

[Event "SVK-chT2C 1314"]
[Site "Slovakia"]
[Date "2014.03.15"]
[Round "10.1"]
[White "Marman, Vladimir"]
[Black "Ligart, Tamas"]
[Result "0-1"]
[WhiteElo "2177"]
[BlackElo "2207"]
[PlyCount "74"]
[EventDate "2013.10.19"]
[EventType "team-tourn"]
[EventRounds "11"]
[EventCountry "SVK"]
[SourceTitle "EXT 2015"]
[Source "ChessBase"]
[SourceDate "2014.11.20"]
[SourceVersion "1"]
[SourceVersionDate "2014.11.20"]
[SourceQuality "1"]
[WhiteTeam "Zilina DMS"]
[BlackTeam "Jelsava Magnezit"]
[WhiteTeamCountry "SVK"]
[BlackTeamCountry "SVK"]

1. e4 e5 2. Bc4 Nf6 3. d4 exd4 4. Nf3 Nc6 5. Ng5 Ne5 6. Bb3 h6 7. f4 hxg5 8. fxe5 Nxe4 9. Qxd4 Nc5 10. 0-0 Nxb3 11. axb3 d5 12. Nc3 Be6 13. Rxa7 Rxa7 14. Qxa7 g4 15. Qa4+ c6 16. Be3 Rh5 17. Ra1 Rxe5 18. Bd4 Rh5 19. Qa8 Bc8 20. Re1+ Be7 21. Bxg7 Qc7 22. Be5 Rxe5 23. Rxe5 Qxe5 24. Qxc8+ Bd8 25. Kf1 Qf4+ 26. Ke2 d4 27. Nd1 Qe4+ 28. Kf1 Qxc2 29. Qxg4 d3 30. Qg8+ Ke7 31. Qg5+ Kd7 32. Qg4+ Kc7 33. Qf4+ Kc8 34. Qf5+ Kb8 35. Qf4+ Bc7 36. Qg4 Bxh2 37. Nc3 Qc1+ 0-1

[Event "SVK-chT2C 1314"]
[Site "Slovakia"]
[Date "2013.11.24"]
[Round "4.1"]
[White "Marman, Vladimir"]
[Black "Kamody, Mario"]
[Result "1/2-1/2"]
[WhiteElo "2177"]
[BlackElo "2205"]
[PlyCount "45"]
[EventDate "2013.10.19"]
[EventType "team-tourn"]
[EventRounds "11"]
[EventCountry "SVK"]
[SourceTitle "EXT 2015"]
[Source "ChessBase"]
[SourceDate "2014.11.20"]
[SourceVersion "1"]
[SourceVersionDate "2014.11.20"]
[SourceQuality "1"]
[WhiteTeam "Zilina DMS"]
[BlackTeam "Zvolen Slavia"]
[WhiteTeamCountry "SVK"]
[BlackTeamCountry "SVK"]

1. e4 c5 2. Nf3 Nc6 3. d4 cxd4 4. Nxd4 Nf6 5. Nc3 g6 6. Be3 Bg7 7. Nxc6 dxc6 8. Qxd8+ Kxd8 9. 0-0-0+ Nd7 10. Bd4 Bxd4 11. Rxd4 e5 12. Rd2 Ke7 13. Be2 a5 14. a4 Nc5 15. b3 Be6 16. Kb2 Rhd8 17. Rhd1 Rxd2 18. Rxd2 g5 19. f3 h5 20. Nd1 f6 21. Ne3 Rd8 22. Rxd8 Kxd8 23. Bc4 1/2-1/2

[Event "SVK-chT2C 1213"]
[Site "Slovakia"]
[Date "2013.02.02"]
[Round "7.2"]
[White "Magat, Jozef"]
[Black "Marman, Vladimir"]
[Result "1/2-1/2"]
[WhiteElo "2117"]
[BlackElo "2185"]
[PlyCount "45"]
[EventDate "2012.10.13"]
[EventType "team-tourn"]
[EventRounds "11"]
[EventCountry "SVK"]
[SourceTitle "EXT 2015"]
[Source "ChessBase"]
[SourceDate "2014.11.20"]
[SourceVersion "1"]
[SourceVersionDate "2014.11.20"]
[SourceQuality "1"]
[WhiteTeam "Dunajov II"]
[BlackTeam "Zilina DMS"]
[WhiteTeamCountry "SVK"]
[BlackTeamCountry "SVK"]

1. Nf3 d5 2. d4 Nf6 3. c4 e6 4. Bg5 c6 5. e3 Qa5+ 6. Nfd2 Ne4 7. Bf4 Bb4 8. Bd3 Nd7 9. Bxe4 dxe4 10. 0-0 f5 11. a3 Be7 12. b4 Qd8 13. c5 0-0 14. Nc4 Nf6 15. Nbd2 Nd5 16. Be5 b6 17. Qb3 Ba6 18. Rfe1 Bxc4 19. Nxc4 b5 20. Na5 Qd7 21. Rad1 Bd8 22. Qb2 Bxa5 23. bxa5 1/2-1/2

[Event "SVK-chT1E 1112"]
[Site "Slovakia"]
[Date "2012.03.04"]
[Round "11.5"]
[White "Goban, Marek"]
[Black "Marman, Vladimir"]
[Result "1/2-1/2"]
[WhiteElo "2125"]
[BlackElo "2184"]
[PlyCount "42"]
[EventDate "2011.10.15"]
[EventType "team-tourn"]
[EventRounds "11"]
[EventCountry "SVK"]
[SourceTitle "EXT 2013"]
[Source "ChessBase"]
[SourceDate "2012.11.22"]
[SourceVersion "1"]
[SourceVersionDate "2012.11.22"]
[SourceQuality "1"]
[WhiteTeam "Sabinov"]
[BlackTeam "Zilina Mladost"]
[WhiteTeamCountry "SVK"]
[BlackTeamCountry "SVK"]

1. d4 d5 2. Nf3 Nf6 3. c4 c6 4. Nc3 e6 5. Bg5 Nbd7 6. e3 Qa5 7. Nd2 Bb4 8. Qc2 0-0 9. a3 Be7 10. Bh4 e5 11. dxe5 Nxe5 12. cxd5 Nxd5 13. Bxe7 Nxe7 14. Nc4 Qc7 15. Nxe5 Qxe5 16. Bd3 Bf5 17. Bxf5 Nxf5 18. 0-0 Rad8 19. Rad1 Ne7 20. Rd2 Ng6 21. Rfd1 Qe7 1/2-1/2

[Event "SVK-chT1E 1112"]
[Site "Slovakia"]
[Date "2012.03.03"]
[Round "10.3"]
[White "Marman, Vladimir"]
[Black "Jusko, Peter"]
[Result "1-0"]
[WhiteElo "2184"]
[BlackElo "1920"]
[PlyCount "109"]
[EventDate "2011.10.15"]
[EventType "team-tourn"]
[EventRounds "11"]
[EventCountry "SVK"]
[SourceTitle "EXT 2013"]
[Source "ChessBase"]
[SourceDate "2012.11.22"]
[SourceVersion "1"]
[SourceVersionDate "2012.11.22"]
[SourceQuality "1"]
[WhiteTeam "Zilina Mladost"]
[BlackTeam "Sabinov II"]
[WhiteTeamCountry "SVK"]
[BlackTeamCountry "SVK"]

1. e4 c5 2. Nf3 Nc6 3. d4 cxd4 4. Nxd4 e5 5. Nb3 Be7 6. Nc3 Nf6 7. Bc4 0-0 8. 0-0 a6 9. a4 d6 10. Qe2 Qc7 11. Be3 Na5 12. Nxa5 Qxa5 13. Nd5 Nxd5 14. Bxd5 Qc7 15. a5 Be6 16. Bb6 Qd7 17. Rfd1 Rac8 18. Ra3 Bxd5 19. Rxd5 f5 20. f3 fxe4 21. fxe4 Rf4 22. h3 Qe6 23. Rg3 Qf6 24. c3 Rf8 25. Rd1 Qh4 26. Re3 Rf2 27. Qc4+ Kh8 28. Re2 Rxe2 29. Qxe2 Qf6 30. Rf1 Qe6 31. Rxf8+ Bxf8 32. c4 Qd7 33. b3 Be7 34. Qd3 h5 35. Qd5 Qc6 36. Qf7 Bf6 37. Qxh5+ Kg8 38. Qg6 Qd7 39. Kf2 Bd8 40. Bxd8 Qxd8 41. Qe6+ Kh7 42. Qf5+ Kg8 43. b4 Qh4+ 44. Ke2 Qg3 45. Qf3 Qg5 46. Kd1 Qh4 47. Kd2 Qg5+ 48. Kc2 Qh4 49. Kd1 Kh7 50. Qf5+ Kh6 51. g4 Qg5 52. Ke2 Qxf5 53. exf5 Kg5 54. Ke3 Kh4 55. Ke4 1-0

[Event "SVK-chT2C 10/11"]
[Site "Slovakia"]
[Date "2011.02.06"]
[Round "7.5"]
[White "Marman, Vladimir"]
[Black "Weglarz, Leszek"]
[Result "1/2-1/2"]
[WhiteElo "2161"]
[BlackElo "2192"]
[PlyCount "81"]
[EventDate "2010.10.23"]
[EventType "team-tourn"]
[EventRounds "11"]
[EventCountry "SVK"]
[SourceTitle "EXT 2019"]
[Source "ChessBase"]
[SourceDate "2018.10.10"]
[SourceVersion "1"]
[SourceVersionDate "2018.10.10"]
[SourceQuality "1"]
[WhiteTeam "Zilina DMS"]
[BlackTeam "Sklene Patriots CC"]
[WhiteTeamCountry "SVK"]
[BlackTeamCountry "SVK"]

1. e4 c5 2. Nf3 d6 3. d4 cxd4 4. Nxd4 Nf6 5. Nc3 Nc6 6. Bc4 e6 7. 0-0 Be7 8. Be3 0-0 9. Bb3 a6 10. f4 Nxd4 11. Bxd4 b5 12. a3 Bb7 13. Qe2 a5 14. e5 dxe5 15. Bxe5 b4 16. axb4 axb4 17. Na4 Ba6 18. Bc4 Bxc4 19. Qxc4 Rc8 20. Qe2 Qe8 21. b3 Qc6 22. Rac1 Nd5 23. Qf3 Bf6 24. Bxf6 Nxf6 25. Qxc6 Rxc6 26. c4 bxc3 27. Rxc3 Rxc3 28. Nxc3 Rc8 29. Rf3 Kf8 30. Rd3 Ke7 31. Kf1 Rb8 32. g3 Nd7 33. Na4 e5 34. fxe5 Nxe5 35. Rc3 Kd6 36. Ke2 f5 37. h3 g5 38. Nb2 f4 39. gxf4 gxf4 40. Nd3 Nxd3 41. Rxd3+ 1/2-1/2

[Event "SVK-chT2C 10/11"]
[Site "Slovakia"]
[Date "2011.02.05"]
[Round "6.5"]
[White "Marman, Vladimir"]
[Black "Zvarik, Martin"]
[Result "0-1"]
[WhiteElo "2161"]
[BlackElo "2273"]
[PlyCount "106"]
[EventDate "2010.10.23"]
[EventType "team-tourn"]
[EventRounds "11"]
[EventCountry "SVK"]
[SourceTitle "EXT 2019"]
[Source "ChessBase"]
[SourceDate "2018.10.10"]
[SourceVersion "1"]
[SourceVersionDate "2018.10.10"]
[SourceQuality "1"]
[WhiteTeam "Zilina DMS"]
[BlackTeam "Zilina Mladost II"]
[WhiteTeamCountry "SVK"]
[BlackTeamCountry "SVK"]

1. e4 e5 2. Nf3 Nc6 3. Bc4 Bc5 4. d3 d6 5. h3 Na5 6. Bb3 Nxb3 7. axb3 Ne7 8. Qe2 0-0 9. Be3 Bxe3 10. Qxe3 b6 11. 0-0 f5 12. Nbd2 Bb7 13. Nh2 Ng6 14. f3 Nf4 15. Qf2 Qg5 16. Kh1 Nh5 17. Rfd1 Ng3+ 18. Kg1 fxe4 19. dxe4 Nxe4 20. Nxe4 Bxe4 21. Qd2 Qxd2 22. Rxd2 Bc6 23. Re1 a5 24. Re3 Bb7 25. Ng4 Rae8 26. Rc3 Rf7 27. Ne3 e4 28. fxe4 Rxe4 29. Nd5 Bxd5 30. Rxd5 Re1+ 31. Kh2 Rb1 32. Rd2 Rxb2 33. Re2 Kf8 34. Rce3 g6 35. Re8+ Kg7 36. Kg3 Rb1 37. R8e6 Rd1 38. R6e3 d5 39. Re5 b5 40. Kh2 a4 41. bxa4 bxa4 42. c4 c6 43. Re6 d4 44. Rd6 Ra7 45. Kg3 a3 46. Ra2 c5 47. Rd5 Ra5 48. Rd7+ Kh6 49. Rb7 Rc1 50. Rb5 Rxb5 51. cxb5 Rb1 52. Rxa3 Rxb5 53. Kf3 Rb2 0-1

[Event "SVK-chT2C 0910"]
[Site "Slovakia"]
[Date "2010.02.06"]
[Round "8.1"]
[White "Csolto, Tibor"]
[Black "Marman, Vladimir"]
[Result "1/2-1/2"]
[WhiteElo "2138"]
[BlackElo "2184"]
[PlyCount "65"]
[EventDate "2009.10.10"]
[EventType "team-tourn"]
[EventRounds "11"]
[EventCountry "SVK"]
[SourceTitle "EXT 2011"]
[Source "ChessBase"]
[SourceDate "2010.11.26"]
[SourceVersion "1"]
[SourceVersionDate "2010.11.26"]
[SourceQuality "1"]
[WhiteTeam "Jelsava"]
[BlackTeam "Zilina DMS"]
[WhiteTeamCountry "SVK"]
[BlackTeamCountry "SVK"]

1. e4 e5 2. Nf3 Nc6 3. Bb5 a6 4. Ba4 Nf6 5. 0-0 b5 6. Bb3 Be7 7. Re1 0-0 8. d4 d6 9. c3 Bg4 10. Be3 Qd7 11. Nbd2 Rad8 12. a4 exd4 13. cxd4 d5 14. axb5 axb5 15. e5 Ne4 16. Qb1 Nxd2 17. Nxd2 Nb4 18. Bc2 Nxc2 19. Qxc2 Bf5 20. Qb3 Ra8 21. Nf1 h5 22. Ng3 Bg6 23. Ne2 c6 24. Nf4 Qf5 25. Qc3 Rxa1 26. Rxa1 Rc8 27. Rc1 Qd7 28. f3 Kh7 29. e6 fxe6 30. Nxg6 Kxg6 31. Qd3+ Kf7 32. Qh7 Bf6 33. Qxh5+ 1/2-1/2

[Event "SVK-chT2C 0910"]
[Site "Slovakia"]
[Date "2009.11.07"]
[Round "3.2"]
[White "Ondras, Juraj"]
[Black "Marman, Vladimir"]
[Result "1/2-1/2"]
[WhiteElo "2069"]
[BlackElo "2184"]
[PlyCount "119"]
[EventDate "2009.10.10"]
[EventType "team-tourn"]
[EventRounds "11"]
[EventCountry "SVK"]
[SourceTitle "EXT 2011"]
[Source "ChessBase"]
[SourceDate "2010.11.26"]
[SourceVersion "1"]
[SourceVersionDate "2010.11.26"]
[SourceQuality "1"]
[WhiteTeam "Banska Bystrica CVC"]
[BlackTeam "Zilina DMS"]
[WhiteTeamCountry "SVK"]
[BlackTeamCountry "SVK"]

1. e4 e5 2. Nf3 Nc6 3. Bb5 a6 4. Ba4 Nf6 5. 0-0 b5 6. Bb3 Be7 7. Re1 0-0 8. a4 Bb7 9. d3 d6 10. c3 Na5 11. Bc2 c5 12. Nbd2 Nc6 13. Nf1 Re8 14. h3 Qc7 15. g4 Rad8 16. g5 Nd7 17. Ne3 Nf8 18. Nh2 Ne6 19. Nd5 Qc8 20. Qg4 Nf8 21. Qg3 Ng6 22. Nxe7+ Ncxe7 23. Ng4 Qe6 24. h4 Kh8 25. h5 Bc8 26. f3 Nf8 27. Qh4 Ng8 28. Kf2 Qe7 29. Rh1 f5 30. gxf6 Nxf6 31. Nxf6 gxf6 32. Rg1 Ne6 33. axb5 axb5 34. Bb3 Rg8 35. Be3 Rxg1 36. Rxg1 Rg8 37. Rxg8+ Kxg8 38. h6 Kh8 39. Qg4 Bd7 40. Qg3 Qf8 41. Qg4 c4 42. Ba2 Nc5 43. Qg7+ Qxg7 44. hxg7+ Kxg7 45. Bxc5 dxc5 46. dxc4 bxc4 47. Bxc4 Kf8 48. b4 cxb4 49. cxb4 Ke7 50. Kg3 Kd6 51. Kh4 f5 52. Kg5 fxe4 53. fxe4 Bh3 54. Kh6 Bg2 55. Bd5 Kc7 56. Kxh7 Kb6 57. Kg6 Bxe4+ 58. Bxe4 Kb5 59. Kf5 Kxb4 60. Kxe5 1/2-1/2

[Event "SVK-chT2C 0809"]
[Site "Slovakia"]
[Date "2009.02.28"]
[Round "10.5"]
[White "Marman, Vladimir"]
[Black "Banduka, Zeljko"]
[Result "1-0"]
[WhiteElo "2204"]
[BlackElo "2203"]
[PlyCount "106"]
[EventDate "2008.10.11"]
[EventType "team-tourn"]
[EventRounds "11"]
[EventCountry "SVK"]
[SourceTitle "EXT 2010"]
[Source "ChessBase"]
[SourceDate "2010.11.25"]
[SourceVersion "1"]
[SourceVersionDate "2010.11.25"]
[SourceQuality "1"]
[WhiteTeam "Zilina DMS"]
[BlackTeam "Banska Bystrica CVC"]
[WhiteTeamCountry "SVK"]
[BlackTeamCountry "SVK"]

1. e4 c5 2. Nf3 Qa5 3. Nc3 Nc6 4. Be2 g6 5. d3 Bg7 6. Bd2 e6 7. 0-0 a6 8. a4 Qc7 9. Qc1 b6 10. Bf4 d6 11. Nd2 e5 12. Nd5 Qd8 13. Bg3 h5 14. f4 h4 15. Bf2 exf4 16. Nxf4 h3 17. g3 Nd4 18. Bd1 Nh6 19. c3 Nc6 20. Nc4 0-0 21. Nd5 Rb8 22. Be3 Kh7 23. Rf4 g5 24. Rf1 f6 25. Bd2 Ne7 26. Nce3 Be6 27. Bb3 Nxd5 28. Nxd5 Bg4 29. Ne3 Be2 30. Rf2 Bxd3 31. Bc2 Bxc2 32. Qxc2 Kh8 33. Nf5 Ng4 34. Rff1 Re8 35. Rae1 Ne5 36. Qd1 g4 37. Bf4 Nf3+ 38. Rxf3 gxf3 39. Qxf3 d5 40. Qh5+ Kg8 41. Nxg7 Kxg7 42. Bh6+ Kh7 43. Bg5+ Kg7 44. Qh6+ Kf7 45. Qh7+ Ke6 46. exd5+ Kxd5 47. Rd1+ Kc6 48. Rxd8 Rbxd8 49. Bf4 Rd7 50. Qxh3 Re2 51. Kf1 Rde7 52. Qc8+ Kd5 53. Qd8+ Kc4 1-0

[Event "SVK-chT2C 0809"]
[Site "Slovakia"]
[Date "2008.10.12"]
[Round "2.5"]
[White "Marman, Vladimir"]
[Black "Brhel, Jan"]
[Result "1/2-1/2"]
[WhiteElo "2204"]
[BlackElo "2105"]
[PlyCount "50"]
[EventDate "2008.10.11"]
[EventType "team-tourn"]
[EventRounds "11"]
[EventCountry "SVK"]
[SourceTitle "EXT 2010"]
[Source "ChessBase"]
[SourceDate "2010.11.25"]
[SourceVersion "1"]
[SourceVersionDate "2010.11.25"]
[SourceQuality "1"]
[WhiteTeam "Zilina DMS"]
[BlackTeam "Zilina Central"]
[WhiteTeamCountry "SVK"]
[BlackTeamCountry "SVK"]

1. e4 e6 2. d4 d5 3. Nc3 Bb4 4. e5 c5 5. a3 Bxc3+ 6. bxc3 Ne7 7. Nf3 Qa5 8. Bd2 Nbc6 9. a4 Bd7 10. c4 Qc7 11. cxd5 exd5 12. c3 c4 13. Be2 f6 14. Bf4 Ng6 15. Bg3 Qa5 16. Qd2 0-0 17. exf6 Rxf6 18. 0-0 Re8 19. Rfb1 Bc8 20. Nh4 Nxd4 21. Bxc4 dxc4 22. Qxd4 Nxh4 23. Bxh4 Rc6 24. h3 Qe5 25. Qxe5 Rxe5 1/2-1/2

[Event "SVK-chT2C 0708"]
[Site "Slovakia"]
[Date "2008.02.02"]
[Round "8.5"]
[White "Marman, Vladimir"]
[Black "Singliar, Anton"]
[Result "1/2-1/2"]
[WhiteElo "2203"]
[BlackElo "2159"]
[PlyCount "46"]
[EventDate "2007.10.06"]
[EventType "team-tourn"]
[EventRounds "11"]
[EventCountry "SVK"]
[SourceTitle "EXT 2010"]
[Source "ChessBase"]
[SourceDate "2010.11.25"]
[SourceVersion "1"]
[SourceVersionDate "2010.11.25"]
[SourceQuality "1"]
[WhiteTeam "Zilina DMS"]
[BlackTeam "Dolny Kubin"]
[WhiteTeamCountry "SVK"]
[BlackTeamCountry "SVK"]

1. e4 e6 2. d4 d5 3. Nc3 Bb4 4. e5 c5 5. a3 Bxc3+ 6. bxc3 Nc6 7. Nf3 Nge7 8. Bd3 Qa5 9. Bd2 c4 10. Be2 Bd7 11. 0-0 0-0-0 12. Ng5 Rdf8 13. f4 h6 14. Nf3 Kb8 15. Qb1 Qa4 16. Qb2 Ka8 17. Rfb1 b6 18. Be1 f5 19. Qc1 Be8 20. Bh4 Ng6 21. Bg3 Nge7 22. Bh4 Ng6 23. Bg3 Nge7 1/2-1/2

[Event "SVK-chT2C 0708"]
[Site "Slovakia"]
[Date "2007.11.03"]
[Round "3.1"]
[White "Marman, Vladimir"]
[Black "Vacek, Ondrej"]
[Result "1/2-1/2"]
[WhiteElo "2203"]
[BlackElo "2184"]
[PlyCount "91"]
[EventDate "2007.10.06"]
[EventType "team-tourn"]
[EventRounds "11"]
[EventCountry "SVK"]
[SourceTitle "EXT 2010"]
[Source "ChessBase"]
[SourceDate "2010.11.25"]
[SourceVersion "1"]
[SourceVersionDate "2010.11.25"]
[SourceQuality "1"]
[WhiteTeam "Zilina DMS"]
[BlackTeam "Zvolen Slavia"]
[WhiteTeamCountry "SVK"]
[BlackTeamCountry "SVK"]

1. e4 c6 2. Nc3 d5 3. Nf3 Bg4 4. h3 Bxf3 5. Qxf3 e6 6. a3 Nf6 7. d3 Bc5 8. g4 dxe4 9. dxe4 Nfd7 10. Bf4 e5 11. Bg3 Qe7 12. Bd3 Nf8 13. Nd1 Nbd7 14. Ne3 Bxe3 15. Qxe3 Ne6 16. b4 a6 17. Bc4 Nd4 18. Rc1 h5 19. c3 Ne6 20. Be2 h4 21. Bh2 g5 22. 0-0 0-0 23. Rfd1 Nf4 24. Bf1 Rfd8 25. Rd2 Nf8 26. Rcd1 N8e6 27. Bc4 Rxd2 28. Rxd2 Rd8 29. Bf1 Rd7 30. Bxf4 Nxf4 31. Kh2 Qd8 32. Rxd7 Qxd7 33. Be2 Kg7 34. a4 Qe6 35. c4 Qf6 36. b5 axb5 37. cxb5 cxb5 38. Bxb5 Ne6 39. Kg2 Qf4 40. a5 Qxe3 41. fxe3 Nc5 42. Bc4 Kf6 43. Bd5 Ke7 44. Bxb7 Kd6 45. Bd5 Kc7 46. Bxf7 1/2-1/2

[Event "SVK-chT2C 0607"]
[Site "Slovakia"]
[Date "2007.02.03"]
[Round "8.6"]
[White "Csolto, Tibor"]
[Black "Marman, Vladimir"]
[Result "1/2-1/2"]
[WhiteElo "2100"]
[BlackElo "2195"]
[PlyCount "128"]
[EventDate "2006.10.14"]
[EventType "team-tourn"]
[EventRounds "11"]
[EventCountry "SVK"]
[SourceTitle "EXT 2019"]
[Source "ChessBase"]
[SourceDate "2018.10.10"]
[SourceVersion "1"]
[SourceVersionDate "2018.10.10"]
[SourceQuality "1"]
[WhiteTeam "Jelsava Magnezit"]
[BlackTeam "Zilina DMS"]
[WhiteTeamCountry "SVK"]
[BlackTeamCountry "SVK"]

1. e4 e5 2. Nf3 Nc6 3. Bb5 a6 4. Ba4 Nf6 5. 0-0 b5 6. Bb3 Be7 7. Re1 0-0 8. d4 d6 9. c3 Bg4 10. Be3 Na5 11. Bc2 Nc4 12. Bc1 Re8 13. b3 Nb6 14. Nbd2 c5 15. d5 Nbd7 16. h3 Bh5 17. Nf1 Nf8 18. g4 Bg6 19. Ng3 h5 20. Nh2 hxg4 21. hxg4 N6h7 22. a4 b4 23. cxb4 cxb4 24. a5 Bg5 25. Nf3 Bxc1 26. Qxc1 Nd7 27. Qd2 Rb8 28. Ra4 Qc8 29. Re2 Nc5 30. Rxb4 Qxg4 31. Nh2 Qf4 32. Re3 Rxb4 33. Qxb4 Ng5 34. Qe1 Nh3+ 35. Kg2 Qh4 36. b4 Nf4+ 37. Kg1 Nb7 38. Nf3 Qd8 39. Ba4 Re7 40. Rc3 Rc7 41. Rc6 Qc8 42. Qc1 Qh3 43. Qf1 Qg4 44. Rxc7 Bxe4 45. Bd1 Bxd5 46. Nxe5 Qh4 47. Nf3 Bxf3 48. Bxf3 Nh3+ 49. Qxh3 Qxh3 50. Rxb7 Qe6 51. Rb6 f5 52. Rxa6 g5 53. Ra8+ Kh7 54. a6 Qe1+ 55. Kg2 g4 56. Bc6 f4 57. Ne4 f3+ 58. Kg3 Qg1+ 59. Kf4 Qc1+ 60. Kxg4 Qxc6 61. Ng5+ Kg7 62. Ra7+ Kg6 63. Nf7 Qe4+ 64. Kg3 Qxb4 1/2-1/2

[Event "SVK-chT2C 0607"]
[Site "Slovakia"]
[Date "2006.11.26"]
[Round "4.2"]
[White "Marman, Vladimir"]
[Black "Bednar, Jaromir"]
[Result "0-1"]
[WhiteElo "2195"]
[BlackElo "2416"]
[PlyCount "112"]
[EventDate "2006.10.14"]
[EventType "team-tourn"]
[EventRounds "11"]
[EventCountry "SVK"]
[SourceTitle "EXT 2008"]
[Source "ChessBase"]
[SourceDate "2007.11.25"]
[SourceVersion "1"]
[SourceVersionDate "2007.11.25"]
[SourceQuality "1"]
[WhiteTeam "Zilina DMS"]
[BlackTeam "Martin MSK"]
[WhiteTeamCountry "SVK"]
[BlackTeamCountry "SVK"]

1. e4 d5 2. exd5 Nf6 3. Bb5+ Bd7 4. Bxd7+ Qxd7 5. d4 Nxd5 6. Nf3 Qe6+ 7. Kf1 Nd7 8. c4 N5b6 9. b3 c5 10. Bb2 0-0-0 11. d5 Qf5 12. Qe2 h5 13. a4 Rh6 14. a5 Na8 15. Nc3 e6 16. Bc1 Rh8 17. dxe6 fxe6 18. h4 a6 19. Bg5 Re8 20. Rh3 e5 21. Ne4 Nc7 22. Ne1 Ne6 23. Rf3 Qg6 24. Qd3 Nd4 25. Rg3 Qc6 26. Nc2 Nf6 27. Re1 Be7 28. Nc3 Bd8 29. Bxf6 gxf6 30. Nd5 Nxc2 31. Qxc2 Bxa5 32. Ra1 Bd8 33. Rg7 e4 34. Qc3 Qd6 35. Rd1 Qe6 36. Qe3 Qc6 37. Qh3+ Kb8 38. Qg3+ Ka7 39. Qg6 Qe6 40. Nf4 Qe5 41. Nd5 Qb2 42. Qg3 Re6 43. Qe3 Rc6 44. Rd7 f5 45. g3 Rf8 46. Nb4 Rc8 47. Qh6 Qf6 48. Qh7 Qb6 49. Nd5 Qxb3 50. Ne3 f4 51. gxf4 Rxf4 52. Kg2 Ba5 53. Rg7 Qb2 54. Nc2 e3 55. fxe3 Rxc4 56. Kh3 Rxc2 0-1

[Event "SVK-chT2C 0607"]
[Site "Slovakia"]
[Date "2006.11.25"]
[Round "3.2"]
[White "Murin, Pavol"]
[Black "Marman, Vladimir"]
[Result "0-1"]
[WhiteElo "2100"]
[BlackElo "2195"]
[PlyCount "84"]
[EventDate "2006.10.14"]
[EventType "team-tourn"]
[EventRounds "11"]
[EventCountry "SVK"]
[SourceTitle "EXT 2008"]
[Source "ChessBase"]
[SourceDate "2007.11.25"]
[SourceVersion "1"]
[SourceVersionDate "2007.11.25"]
[SourceQuality "1"]
[WhiteTeam "Dolny Kubin"]
[BlackTeam "Zilina DMS"]
[WhiteTeamCountry "SVK"]
[BlackTeamCountry "SVK"]

1. d4 d5 2. c4 e6 3. Nf3 Nf6 4. e3 c6 5. Nc3 Nbd7 6. Qc2 Bd6 7. g4 Nxg4 8. Rg1 Nxh2 9. Nxh2 Bxh2 10. Rxg7 Qh4 11. cxd5 exd5 12. e4 Bf4 13. exd5 Bxc1 14. Rxc1 Qxd4 15. Qe4+ Qxe4+ 16. Nxe4 Kf8 17. Rg3 cxd5 18. Nd6 Ke7 19. Nb5 Nb6 20. Rc7+ Bd7 21. Rxb7 Rhb8 22. Re3+ Kd8 23. Rxb8+ Rxb8 24. Nd6 Be6 25. b3 Nd7 26. Nb5 Rb7 27. Nd4 Rb6 28. f4 Bg4 29. Bg2 Rf6 30. f5 Nb6 31. Re5 Rd6 32. Kd2 a6 33. Kc3 h5 34. Kb4 h4 35. a4 h3 36. Bh1 Kd7 37. a5 Nc8 38. Rxd5 Ne7 39. Rxd6+ Kxd6 40. Kc4 Nxf5 41. Nxf5+ Bxf5 42. b4 Bd7 0-1

[Event "SVK-chT2C 0506"]
[Site "Slovakia"]
[Date "2006.01.15"]
[Round "7.2"]
[White "Jelen, Peter"]
[Black "Marman, Vladimir"]
[Result "1/2-1/2"]
[WhiteElo "2197"]
[BlackElo "2176"]
[PlyCount "60"]
[EventDate "2005.10.22"]
[EventType "team-tourn"]
[EventRounds "11"]
[EventCountry "SVK"]
[SourceTitle "EXT 2009"]
[Source "ChessBase"]
[SourceDate "2008.11.26"]
[SourceVersion "1"]
[SourceVersionDate "2008.11.26"]
[SourceQuality "1"]

1. e4 e5 2. Nf3 Nc6 3. Nc3 d6 4. h3 Nf6 5. g3 Be7 6. Bg2 0-0 7. 0-0 h6 8. d4 exd4 9. Nxd4 Nxd4 10. Qxd4 c6 11. Be3 Qc7 12. Rad1 b6 13. Bf4 Rd8 14. e5 dxe5 15. Qxe5 Qxe5 16. Rxd8+ Bxd8 17. Bxe5 Bb7 18. Rd1 Be7 19. Bxf6 Bxf6 20. Rd7 Bxc3 21. bxc3 Rb8 22. f4 a5 23. a4 Ba8 24. c4 c5 25. Bxa8 Rxa8 26. Kf2 Re8 27. Kf3 f5 28. Rd6 Re4 29. Rxb6 Rxc4 30. Rb5 Rxc2 1/2-1/2

[Event "SVK-chT2 0304"]
[Site "Slovakia"]
[Date "2004.??.??"]
[Round "8"]
[White "Marman, Vladimir"]
[Black "Galvanek, Ladislav"]
[Result "1-0"]
[WhiteElo "2205"]
[BlackElo "2055"]
[PlyCount "87"]
[EventDate "2003.10.??"]
[EventType "team"]
[EventRounds "11"]
[EventCountry "SVK"]
[SourceTitle "EXT 2006"]
[Source "ChessBase"]
[SourceDate "2005.11.24"]
[SourceVersion "1"]
[SourceVersionDate "2005.11.24"]
[SourceQuality "1"]

1. e4 e5 2. Bc4 Nf6 3. d4 exd4 4. Nf3 Nxe4 5. Qxd4 Nf6 6. Bg5 Be7 7. Nc3 Nc6 8. Qh4 d6 9. 0-0-0 Be6 10. Bd3 h6 11. Rhe1 Qd7 12. Bb5 0-0-0 13. Qa4 Nd5 14. Nxd5 Bxg5+ 15. Nxg5 Bxd5 16. Rxd5 hxg5 17. Bxc6 Qxc6 18. Qxc6 bxc6 19. Rxg5 g6 20. h3 Rh4 21. Ra5 Kb7 22. Re3 Rb4 23. Rf3 Rf8 24. Rg5 Rd4 25. c3 Re4 26. Rxg6 Rfe8 27. Rg4 Re1+ 28. Kc2 c5 29. Rd3 Ra1 30. a3 Ree1 31. Rf4 Kc6 32. c4 a5 33. Rd2 a4 34. f3 Re3 35. Rxf7 Ree1 36. Rf4 Rec1+ 37. Kd3 Ra2 38. Re4 d5 39. Re6+ Kd7 40. cxd5 Rb1 41. Ree2 Kd6 42. Kc4 Rc1+ 43. Rc2 Rb1 44. Red2 1-0